| 000 | 00328nam a22001097a 4500 | ||
|---|---|---|---|
| 008 | 160520b xxu||||| |||| 00| 0 eng d | ||
| 020 | _a007135469 | ||
| 041 | _aeng | ||
| 080 | _a615 | ||
| 245 |
_aGoodman gilmans the pharmacological basis of therapeutics: _cJoel G. Hardman; Lee E. Limbird; Alfred Goodman Gilman; |
||
| 942 |
_2udc _cBK |
||
| 999 |
_c2301 _d2301 |
||